000
00313nam a2200109Ia 4500
008
200302s9999 xx 000 0 und d
100
_a
Joseph A. Demkin AiA Executive
245
_a
The Architect's Handbook of Professional Practice 4th ed.,
260
_b
John Wiley & Sons Inc.
260
_c
2008
300
_a
1027 P.,
999
_c
3230
_d
3230